Powiaty województwa kujawsko-pomorskiego - Statystyki

Ogólne statystyki
  • Ten quiz został rozwiązany 180 razy
  • Średni wynik to 15 z 23
Odpowiedzi na mapie
Odpowiedzi zakodowano w zielono-czerwonej skali na mapie do tego quizu, zgodnie z poniższymi procentami.
 
Statystyki odpowiedzi
Odpowiedź % Poprawnych
Toruń
85%
toruński
85%
Włocławek
81%
Bydgoszcz
80%
Grudziądz
80%
bydgoski
77%
włocławski
77%
grudziądzki
76%
inowrocławski
65%
aleksandrowski
63%
świecki
63%
brodnicki
62%
chełmiński
58%
lipnowski
57%
golubsko-dobrzyński
56%
nakielski
56%
mogileński
55%
sępoleński
54%
tucholski
52%
radziejowski
51%
żniński
49%
rypiński
48%
wąbrzeski
42%
Nie znaleziono quizów pasujących do podanych kryteriów
Rozkład punktacji
Procent ludzi z każdym wynikiem
Percentyl według liczby udzielonych odpowiedzi
Twoja historia wyników
Nie rozwiązałeś tego quizu